000 00638 #a2200241 #4500
001 BNM000311
005 20220829233025.0
008 aespaƱol
020 _a978-950-9872-15-8
024 _a272 p.
040 _aAR-C50180D0
082 _214
100 1 _aCalcagno, Eric
_93303
245 1 3 _aEl resurgimiento argentino./
_cEric Calcagno , Alfredo Eric Calcagno
250 _a1a.ed.
260 _aBuenos Aires :
_bUniversidad Nacional de Lomas de Zamora,
_c2011.
300 _a264 p.
650 _aPOLITICA ECONOMICA
650 _aPOLITICA SOCIAL
651 _aARGENTINA
700 _aCalcagno, Alfredo Eric
942 _2ddc
_cLIBRO
999 _c1127
_d1127
980 _820562
_g Diego Higa